000 nam a22 7a 4500
999 _c127681
_d127681
008 180315b xxu||||| |||| 00| 0 eng d
020 _a9781920898175
050 _aB810
_b.A5
100 _aAnderson, John
_940724
245 _aStudies in Empirical Philosophy
_cJohn Anderson
260 _aSydney
_bSydney University Press
_c2005
300 _axxvi, 494p. ;
_c22cm.
500 _aPublished originally in 1962
650 _aEmpiricism
_92894
942 _2lcc
_cMONOGRAPH